000 00626nam a2200205 i 4500
001 98132
003 ES-MaACL
005 20260129170025.0
007 t|
008 050726s1959 sp f 00110 spa d
100 1 _aMarrero, Vicente.
_977070
245 1 3 _aEl enigma de España en la danza española /
_cVicente Marrero.
260 _aMadrid :
_bRialp,
_c1959.
300 _a326 p., lám. I-VIII ;
_c19 cm.
490 1 _aBiblioteca del pensamiento actual ;
_v97
650 4 _aDanza española.
_911534
830 1 _aBiblioteca del pensamiento actual
_v97
_9181187
852 _aES-MaACL
_jC-19120
999 _c98132
_d98132